Estatutos de la Real Academia de Ciencias y Artes de Barcelona
Descripción Física:
21 p. ; 24 cm
MARC
| LEADER | 00000nam a2200000Ia 4500 | ||
|---|---|---|---|
| 001 | 11690 | ||
| 008 | 160829s1925 xx 000 0 cat d | ||
| 080 | |a RF-12-93 | ||
| 110 | 2 | |a Reial Acadèmia de Ciències i Arts de Barcelona |9 54253 | |
| 245 | |a Estatutos de la Real Academia de Ciencias y Artes de Barcelona | ||
| 260 | |a Barcelona : |b (Sobrinos de López Robert y Ca, imp.), |c 1925 | ||
| 300 | |a 21 p. ; |c 24 cm | ||
| 590 | |a Prové de Q-275, exp. 60 | ||
| 650 | |a Real Academia de Ciencias y Artes de Barcelona |x Estatuts |9 46931 | ||
| 856 | 4 | |u https://media.diba.cat/diba/fitxers/arxiu/fulletons/bib_11690_1925_baixa.pdf |y Accés lliure | |
| 856 | 4 | |u https://media.diba.cat/diba/fitxers/arxiu/fulletons/bib_11690_1925_baixa.pdf |y Accés lliure | |
| 901 | |a Arxiu | ||
| 942 | |n 1 |2 udc | ||
| 952 | |0 0 |1 0 |4 0 |6 RF1293 |7 1 |9 53540 |a Arxiu |b Arxiu |d 2016-12-01 |l 0 |o RF-12-93 |p 11690 |r 2016-12-01 00:00:00 |w 2016-12-01 |y ARXIU | ||
| 999 | |c 57406 |d 57406 | ||
| 900 | |a bib_11690_1925_baixa.pdf | ||